Warrior Nun characters - Statistics

General Stats
  • This quiz has been taken 174 times
  • The average score is 13 of 22
Answer Stats
Hint Answer % Correct
our very cute and hot sister Sister Beatrice
99%
fake angel Adriel
93%
she knew it before we did Sister Camila
92%
sexy but most of the time is bad Sister Lilith
92%
we miss you Shotgun Mary
90%
i am the bomb Michael
84%
Boss bitch Mother Superion
82%
ava first kiss J-C
80%
like really .. decide what you want Father Vincent
72%
you do not need hint for this one Ava Silva
71%
p.o.p.e. Duretti
67%
she saw the best kiss ever.. Yasmina
67%
rich lady :D Jillian
66%
ava little friend Diego
54%
opportunists Chanel
42%
say when Sister Crimson
37%
we miss you n.2 Sister Shanon
35%
rich lady's little helper Kristian
34%
opportunists Zori
26%
fucking devil sister Sister Frances
21%
opportunists Randall
18%
much suspicion much confusion Areala
15%
No matching quizzes found
Score Distribution
Percent of People with Each Score
Percentile by Number Answered
Your Score History
You have not taken this quiz